000 00558nam a22002057a 4500
003 SISC
005 20160308132347.0
008 130814t xxu||||| |||| 00| 0 eng d
020 _a9719274220
050 _aPL 1129
_b.G575 2004
082 _aHS 495.1
_b P41 2004
100 _a Victoria Peralta.
_910164
245 _aMandarin chinese handbook.
_c Victoria Peralta.
260 _aPhilippines :
_b Dumaguete AV Publishing House,
_cc2004.
300 _a250p
_bill. ;
_c22 cm.
942 _2lcc
_cBK
999 _c8545
_d8545